Statistiques concernant Un ou Une ?

Cliquez ici pour prendre le quiz!

Statistiques générales

  • Ce quiz a été pris 312 fois
  • Le résultat moyen est 12 sur 20

Statistiques - réponses

HintRéponse% Correct
AscenseurUn
94%
JobUn
92%
OreillerUn
91%
OrteilUn
89%
ÉclairUn
87%
AppétitUn
84%
MoustiquaireUne
79%
OvuleUn
75%
PétaleUn
65%
TesticuleUn
60%
TentaculeUn
56%
EntracteUn
49%
HaltèreUn
44%
Après-MidiUn et Une
44%
OrbiteUne
41%
ÉchappatoireUne
38%
ChipsDes
35%
OasisUne
35%
AlvéoleUn
25%
AnagrammeUne
16%

Distribution des résultats

Percentile par nombre de réponses

% des personnes avec chaque résultat

Votre développement - résultats

Vous n’avez pas pris ce quiz